PROGRAMMING LANGUAGES:concepts & contructs (Record no. 5252)

MARC details
000 -LEADER
fixed length control field 00452nam a22001817a 4500
005 - DATE AND TIME OF LATEST TRANSACTION
control field 20180205123645.0
008 - FIXED-LENGTH DATA ELEMENTS--GENERAL INFORMATION
fixed length control field 160916b xxu||||| |||| 00| 0 eng d
020 ## - INTERNATIONAL STANDARD BOOK NUMBER
ISBN 978-81-775-8422-6
041 ## - LANGUAGE CODE
Language code of text/sound track or separate title eng
082 ## - DEWEY DECIMAL CLASSIFICATION NUMBER
Classification number 005.13
100 ## - MAIN ENTRY--AUTHOR NAME
Personal name SETHI,RAVI
245 ## - TITLE STATEMENT
Title PROGRAMMING LANGUAGES:concepts & contructs
250 ## - EDITION STATEMENT
Edition statement 2nd Ed.
260 ## - PUBLICATION, DISTRIBUTION, ETC. (IMPRINT)
Name of publisher PEARSON
Year of publication 2013
Place of publication new delhi
300 ## - PHYSICAL DESCRIPTION
Number of Pages 472
650 ## - SUBJECT ADDED ENTRY--TOPICAL TERM
Topical Term INFORMATION TECHNOLOGY
942 ## - ADDED ENTRY ELEMENTS (KOHA)
Koha item type Books
Holdings
Lost status Damaged status Collection code Home library Current library Shelving location Date acquired Source of acquisition Cost, normal purchase price Full call number Accession Number Koha item type
    Reference JRU Library   SHELF-30-B 16/09/2016 PURCHASE 779.00 003.3 21254 Books
    CS/IT JRU Library JRU Library SHELF-50-D 16/09/2016 PURCHASE 779.00 005.13 21255 Books